<?xml version="1.0" encoding="UTF-8"?>
<record
    xmlns:xsi="http://www.w3.org/2001/XMLSchema-instance"
    xsi:schemaLocation="http://www.loc.gov/MARC21/slim http://www.loc.gov/standards/marcxml/schema/MARC21slim.xsd"
    xmlns="http://www.loc.gov/MARC21/slim">

  <leader>01359nam a22002057a 4500</leader>
  <controlfield tag="003">IT-MiCISF</controlfield>
  <controlfield tag="005">20210504142853.0</controlfield>
  <controlfield tag="008">210504b           ||||| |||| 00| 0 eng d</controlfield>
  <datafield tag="040" ind1=" " ind2=" ">
    <subfield code="c">IT-MiCISF</subfield>
  </datafield>
  <datafield tag="041" ind1=" " ind2=" ">
    <subfield code="a">IT</subfield>
  </datafield>
  <datafield tag="100" ind1=" " ind2=" ">
    <subfield code="a">Esposito Costantino</subfield>
    <subfield code="9">58895</subfield>
  </datafield>
  <datafield tag="245" ind1=" " ind2=" ">
    <subfield code="a">Il nichilismo del nostro tempo</subfield>
    <subfield code="b">Una cronaca</subfield>
  </datafield>
  <datafield tag="260" ind1=" " ind2=" ">
    <subfield code="a">Roma</subfield>
    <subfield code="b">Carocci</subfield>
    <subfield code="c">2021</subfield>
  </datafield>
  <datafield tag="300" ind1=" " ind2=" ">
    <subfield code="a">pp. 154</subfield>
  </datafield>
  <datafield tag="500" ind1=" " ind2=" ">
    <subfield code="a">persona, filosofia, societ&#xE0;, cultura, rapporti-sociali</subfield>
  </datafield>
  <datafield tag="520" ind1=" " ind2=" ">
    <subfield code="a">Il nichilismo &#xE8; tornato a essere una questione aperta nel nostro tempo. Le domande che in passato, con la sua critica degli idoli, aveva dichiarato ormai impossibili &#x2013; come la domanda sul senso ultimo di s&#xE9; e della realt&#xE0;, sulla verit&#xE0; dell&#x2019;io e della storia, sul nostro desiderio in rapporto all&#x2019;infinito &#x2013; si rivelano nuovamente possibili, ragionevoli, brucianti. Oggi il nichilismo non sembra pi&#xF9; consistere, come nella sua forma classica, in una perdita di valori e di ideali, ma piuttosto nell&#x2019;emergere di un bisogno irriducibile: pi&#xF9; nudo, forse, ma molto pi&#xF9; impegnativo. Cos&#xEC;, pu&#xF2; diventare una chance per la ricerca di un significato vero per la nostra esperienza nel mondo. Il volume si propone di intercettare e raccontare questo fenomeno nuovo, offrendo una traccia alla verifica dei lettori.</subfield>
  </datafield>
  <datafield tag="650" ind1=" " ind2=" ">
    <subfield code="a">persona</subfield>
    <subfield code="9">56046</subfield>
  </datafield>
  <datafield tag="654" ind1=" " ind2=" ">
    <subfield code="a">saggio</subfield>
  </datafield>
  <datafield tag="942" ind1=" " ind2=" ">
    <subfield code="2">ddc</subfield>
    <subfield code="c">BK</subfield>
  </datafield>
  <datafield tag="999" ind1=" " ind2=" ">
    <subfield code="c">359245</subfield>
    <subfield code="d">359245</subfield>
  </datafield>
  <datafield tag="952" ind1=" " ind2=" ">
    <subfield code="0">0</subfield>
    <subfield code="1">0</subfield>
    <subfield code="2">ddc</subfield>
    <subfield code="4">0</subfield>
    <subfield code="6">B_7658_000000000000000</subfield>
    <subfield code="7">1</subfield>
    <subfield code="a">CISF</subfield>
    <subfield code="b">CISF</subfield>
    <subfield code="d">2021-05-04</subfield>
    <subfield code="l">0</subfield>
    <subfield code="o">b7658</subfield>
    <subfield code="p">9788829004324</subfield>
    <subfield code="r">2021-05-04 00:00:00</subfield>
    <subfield code="w">2021-05-04</subfield>
    <subfield code="y">BK</subfield>
  </datafield>
</record>
